000 00680 a2200205 4500
001 62274
005 20260407155916.0
008 260407a1988 arg spa d
003 AR-UNSa-BCEJYS
040 _aAR-UNSa-BCEJYS
_bspa
_cAR-UNSa-BCEJYS
080 _a352.9
_xÓrganos autónomos de la administración local
245 1 0 _aEl control de la administración pública por los comisionados parlamentarios autonomicos
020 _a84-7088-472-1
264 1 _aMadrid :
_bInstituto Nacional de Administración Pública (INAP)
_c1988
300 _a284 p.
_c21 cm.
041 _aspa
942 _cBK
590 _aniveau_biblio:m niveau_hierar:0
100 1 _aEmbid Irujo, Antonio
999 _c7637
_d7637